| 000 | 00345 a2200109 4500 | ||
|---|---|---|---|
| 020 | _a9694170850 | ||
| 082 | _a624.15136 KHA | ||
| 100 | _aKhan, Prof. Shaukat Ali | ||
| 245 |
_aSoil Mechanics for Transportation Engineers _cProf. Shaukat Ali Khan |
||
| 260 |
_aIslamabad : _bHigher Education Commision, _c2006 |
||
| 300 |
_avii, 226p. : _bill. ; _c25 cm |
||
| 650 | _aSoil Mecahnics | ||
| 999 |
_c1106 _d1106 |
||